000 00531nam a2200181Ia 4500
005 20240606015552.0
008 240331s9999 xx 000 0 und d
082 _bSRI
_a341
245 0 _aSri Lanka Journal of International Law
260 _aColombo
_bFaculty of Law and the Department of the International Relations of the University of Colombo
_c1989
300 _a224 p.,
650 _aInternational Law
650 _aHuman Rights
700 _aDias,N. ed
700 _aErstling ,J.
700 _aAbeyratne,M.
942 _cL
999 _c2828
_d2828